Strategický prvok hospodárstva "medzi životným prostredím, ekonómiou a financiami existujú úzke vzťahy : svoj pôvod majú vo výrobe, v obehu a v následnej spotrebe zdrojov životného prostredia," hovorí vedúca oddelenia podnikových financií Ekonomickej univerzity Eva Romančíková

Bibliographic Details
Main Author: Romančíková, Eva, 1944- (Author)
Other Authors: Sotník, Alexander (Interviewer)
Format: Article
Language:Slovak
PhysicalDescription:Obr.
Subjects:

MARC

LEADER 00000nab a2200000 a 4500
001 vtls000686380
003 SK-MaSNL
005 20260426072508.0
008 180205c1999 xo 0 slo
015 |a SNBRB1999/02-04518 
035 |a CLN000038547 
040 |a SNKBUCL  |b slo  |c SNKBUCL  |e AACR2 
041 0 |a slo 
044 |a xo  |c SK 
080 |a 338.1(437.6)  |2 UDC-MRF-SK2 
100 1 |a Sotník, Alexander  |4 ivr  |9 265401 
245 1 0 |a Strategický prvok hospodárstva  |b "medzi životným prostredím, ekonómiou a financiami existujú úzke vzťahy : svoj pôvod majú vo výrobe, v obehu a v následnej spotrebe zdrojov životného prostredia," hovorí vedúca oddelenia podnikových financií Ekonomickej univerzity Eva Romančíková  |c Alexander Sotník 
300 |b Obr. 
650 0 7 |a ekonomika  |2 SNKPH  |9 789 
651 7 |a Slovensko  |2 SNKPHgeo  |9 14231 
655 7 |a články z novín a časopisov  |2 snkbucl  |9 267496 
700 1 |a Romančíková, Eva,  |d 1944-  |4 aut  |4 ive  |9 217925 
773 0 |t Profit  |g Roč. 7, č. 6 (1999), s. 35-39 
850 |a Slovenská národná knižnica v Martine 
852 |a SNK  |b KIS3GCP 
958 |a RBX 
999 |c 2689286  |d 2691216